000 00658nam a22002057a 4500
005 20140811125445.0
010 _aB-506343-348
020 _a9789380828473
_c295.00
035 _aB-506343-348
037 _aKBD/Ven
_bdpl
082 _aN
100 _aDhar, Mainak
245 _aHindustaan :
_cby Mainak Dhar
_bwhat if the british never conquered India? /
260 _aNew Delhi
_bVitasta Publishers
_c2012
270 _a2/15, Ansari Road, Daryaganj
_bDelhi
_e110002
300 _a285p.
_c24cms(pbk)
500 _aincludes index
942 _2ddc
_cEN
_hN
_mDHA
999 _c87767
_d87767